| 000 | 00877nam a22002177a 4500 | ||
|---|---|---|---|
| 999 |
_c11121 _d11121 |
||
| 003 | AR-CdUCM | ||
| 008 | 190402b ||||| |||| 00| 0 spa d | ||
| 040 |
_aMUNICIPALIDAD PROVINCIAL DEL CUSCO _cBIBLIOTECA MUNICIPAL DEL CUSCO |
||
| 082 |
_23 ed. _a759.5 / _bV71 / 1954 |
||
| 100 |
_aDavinci, Leonardo _928299 |
||
| 245 | _aTratado de la pintura / | ||
| 260 |
_a Buenos Aires : _bLosada, _c1954. |
||
| 300 |
_a396 paginas ; _c28 cm. |
||
| 505 | _aContenido : Tratado de la pintura -- De si la pintura es o no ciencia -- Ejemplo y diferencia entre pintura y poesía -- De que ciencia es mas útil y de cual es su utilidad -- De las ciencias imitables y de como la pintura, siendo imitable, es ciencia ... | ||
| 650 |
_aPintura _93081 |
||
| 650 |
_aCiencia _92098 |
||
| 650 |
_aTratados _93362 |
||
| 700 |
_aPittaluga, Mario _928300 |
||
| 942 |
_2ddc _cLIBROS |
||
| 945 | _arah | ||